Endocrinology / (رقم التسجيلة. 30123)

تفاصيل مارك
000 -الفاتح
حقل البيانات ثابتة الطول 01418cam a22003618a 4500
001 - رقم الضبط
رقم الضبط 17133250
003 - محدد رقم الضبط
رقم الضبط OSt
005 - وقت وتاريخ اخر تعامل مع التسجيلة
رقم الضبط 20150408114134.0
008 - عناصر البيانات ثابتة الطول - معلومات عامة
حقل البيانات ثابتة الطول 120118s2012 stk 001 0 eng
010 ## - رقم ضبط مكتبة الكونجرس
رقم ضبط مكتبة الكونجرس 2012002198
020 ## - الرقم الدولى المعيارى للكتب
الرقم الدولى المعيارى للكتاب 9780723436232
035 ## - رقم ضبط النظام
رقم ضبط النظام (DNLM)101576501
040 ## - مصدر الفهرسة
وكالة الفهرسة الأصلية DNLM/DLC
وكالة النسخ DLC
042 ## - رمز التحقق
رمز التحقق pcc
060 10 - رقم الطلب بالمكتبة الطبية الوطنية
رقم التصنيف WK 100
082 00 - رقم تصنيف ديوى العشرى
رقم التصنيف 612.4
رقم الطبعة 23
100 1# - المدخل الرئيسى - إسم شخصى
الإسم الشخصى Murphy, Richard,
التواريخ المصاحبة للاسم 1989-
9 (RLIN) 36084
245 10 - بيان العنوان
العنوان Endocrinology /
بيان المسئوليه,etc Richard Murphy, Ronan O'Neill.
250 ## - بيان الطبعة
بيان الطبعة 4th ed.
260 ## - PUBLICATION, DISTRIBUTION, ETC. (IMPRINT)
مكان الناشر او الموزع Edinburgh :
اسم الناشر او الموزع Mosby/Elsevier,
تاريخ النشر أو التوزيع 2012.
263 ## - تاريخ النشر المتوقع
تاريخ النشر المتوقع 1207
300 ## - الوصف المادى
التعداد p. ;
أبعاد الوعاء cm.
490 1# - بيان السلسلة
عنوان السلسلة Crash course
500 ## - تبصرة عامة
تبصرة عامة Rev. ed. of: Endocrine and reproductive systems. 3rd ed. / Alexander Finlayson. 2007.
500 ## - تبصرة عامة
تبصرة عامة Includes index.
505 0# - تبصرة محتويات-الفهرس
تبصرة المحتويات المصاغة Overview of the endocrine system -- The hypothalamus and the pituitary gland -- The thyroid gland -- The adrenal glands -- The pancreas -- Up and coming hormones -- Endocrine control of fluid balance -- Endocrine control of calcium homeostasis -- Endocrine control of growth -- Endocrine disorders of neoplastic origin -- Hormones of the reproductive system.
650 12 - المدخل الاضافى بالموضوع-مصطلح موضوعى
مصطلح موضوعي أو اسم جغرافي كعنصر مدخل Endocrine System.
700 1# - المدخل الاضافى - اسم شخصى
الإسم الشخصى O'Neill, Ronan,
التواريخ المصاحبة للاسم 1989-
9 (RLIN) 36085
700 1# - المدخل الاضافى - اسم شخصى
الإسم الشخصى Finlayson, Alexander.
عنوان العمل Endocrine and reproductive system.
9 (RLIN) 36086
830 #0 - المدخل الاضافى بالسلسلة -عنوان موحد
عنوان موحد Crash course.
9 (RLIN) 36087
906 ## - عنصر بيانات محلى F, LDF (RLIN)
a 7
b cbc
c orignew
d 1
e ecip
f 20
g y-gencatlg
942 ## - عناصر المدخل الإضافي( كوها)
مصدر التصنيف او مخطط الترفيف Dewey Decimal Classification
Koha [default] item type كتاب
المقتنيات
حالة الفقد نموذج السعر الفعال حالة تلف ليس للاعارة رقم الطلب رقم النسخة تاريخ الاكتساب الموقع الحالي الباركود الفرع الرئيسي Date last seen نوع المادة فى نظام كوها مصدر التصنيف او خطة الترفيف Total Checkouts Date last checked out
  2013-06-20   Not For Loan 612.4 MRE 1 2013-06-20 المكتبة المركزية بالمجمعة (CL) 00306801 المكتبة المركزية بالمجمعة (CL) 2013-06-20 كتاب Dewey Decimal Classification    
  2013-06-20     612.4 MRE 2 2013-06-20 المكتبة المركزية بالمجمعة (CL) 00306802 المكتبة المركزية بالمجمعة (CL) 2014-02-25 كتاب Dewey Decimal Classification 1 2014-01-26
  2013-06-20   Not For Loan 612.4 MRE 3 2013-06-20 المكتبة المركزية بالمجمعة (CL) 00306803 المكتبة المركزية بالمجمعة (CL) 2013-06-20 كتاب Dewey Decimal Classification